| 000 | 00462nam a2200181Ia 4500 | ||
|---|---|---|---|
| 005 | 20240823053628.0 | ||
| 008 | 240823s9999||||xx |||||||||||||| ||und|| | ||
| 041 | _aENGLISH | ||
| 082 | _A604.2 P6 | ||
| 100 | _aSonaversity | ||
| 245 | 0 | _aEngineering Graphics and Drawing | |
| 250 | _a4th | ||
| 260 |
_c2006 _bSonave _aSalem |
||
| 500 | _aTRANSFERED | ||
| 650 |
_aEngineering Graphics _bFire Technology & Safety Engineering |
||
| 942 | _cBK | ||
| 999 |
_c224589 _d224589 |
||